Online Catalogue and eLibrary

Feminisms and the self : (Record no. 23)

MARC details
000 -LEADER
fixed length control field 00769cam a2200253 a 4500
001 - CONTROL NUMBER
control field 3977940
005 - DATE AND TIME OF LATEST TRANSACTION
control field 20231117003338.0
008 - FIXED-LENGTH DATA ELEMENTS--GENERAL INFORMATION
fixed length control field 950425s1995 enk b 001 0 eng
020 ## - INTERNATIONAL STANDARD BOOK NUMBER
ISBN 0415098203 (hbk)
020 ## - INTERNATIONAL STANDARD BOOK NUMBER
ISBN 0415098211 (pbk)
040 ## - CATALOGING SOURCE (பட்டியலாக்க மூலம்)
Original cataloging agency DLC
Transcribing agency DLC
Modifying agency DLC
082 00 - DDC Classification
Class No. 305.42/01
DDC Edition Number 20
Item Number - Author Mark GRI
100 1# - MAIN ENTRY--PERSONAL NAME
Personal name Griffiths, Morwenna,
245 10 - TITLE STATEMENT
Title Feminisms and the self :
Remainder of title the web of identity /
Statement of responsibility, etc. Morwenna Griffiths.
260 ## - PUBLICATION, DISTRIBUTION, ETC.
Place of publication, distribution, etc. London ;
-- New York :
Name of publisher, distributor, etc. Routledge,
Date of publication, distribution, etc. 1995.
300 ## - PHYSICAL DESCRIPTION
Extent (e.g. Volumes, Pages etc.) x, 220 p. ;
500 ## - GENERAL NOTE
General note Simultaneously published in the USA and Canada.
650 #0 - SUBJECT ADDED ENTRY--TOPICAL TERM
Topical term or geographic name entry element Feminist theory.
650 #0 - SUBJECT ADDED ENTRY--TOPICAL TERM
Topical term or geographic name entry element Identity (Psychology)
650 #0 - SUBJECT ADDED ENTRY--TOPICAL TERM
Topical term or geographic name entry element Change.
650 #0 - SUBJECT ADDED ENTRY--TOPICAL TERM
Topical term or geographic name entry element Autonomy.
856 42 - ELECTRONIC LOCATION AND ACCESS
Uniform Resource Identifier <a href="http://www.loc.gov/catdir/enhancements/fy0648/95009130-d.html">http://www.loc.gov/catdir/enhancements/fy0648/95009130-d.html</a>
942 ## - Koha item type (Biblio)
Koha item type Books in Stacks (Lending)
Holdings
Lost status Damaged status Collection code Home library Current library Date acquired Full call number Accession Number Item type
    Lending WERC Library WERC Library 11/17/2023 305.42/01 GRI 5156 Books in Stacks (Lending)

© WERC Library